Регионална библиотека "Любен Каравелов" - Русе

Курс по търговско право (Запис номер 61273)

MARC детайли
000 -Лидер
Контролно поле с фиксирана дължина nam a22 a 4500
003 - Код на организацията, давaща контролен номер
Контролно поле BLK
005 - Дата и час на последна редакция
Контролно поле 20230421100909.0
008 - Елементи от данни с фиксирана дължина
fixed length control field 180408b bul|||||r ||||||| ||bul||
010 ## - Наследен системен номер
LC control number KNG00065469000
040 ## - Източник на каталожния запис
Идентификатор на билиотеката - собственик на записа BLK
041 ## - Код за език
Код за езика на текст/звукозапис или на отделно заглавие Български
Код за езика КДБФ Български
080 ## - УДК
Текстов определител УДК Търговско право
УДК код - определител по УДК 347.7
УДК - код + определител 347.7
100 1# - Редна дума - Автор
Автор Диков, Любен Ангелов
Авторска отговорност първи автор
R(LIN) 290381
139 ## - Редно поле
Редна дума Диков, Любен Ангелов
Авторски знак Дико - Д 54
245 10 - Сведения за заглавието
Заглавие Курс по търговско право
Подзаглавни данни Т. 1 - 2
Редно поле (дума) Любен Ангелов Диков.
Том Т. 1.
250 ## - Област на изданието
Сведения за изданието 3. фототип. изд
257 ## - Страна на издаване
Страна на създаване/издаване България
260 ## - Област на издателските данни
Място на издаване, разпространение и проч. София
Име на издателя, разпространителя и проч. Унив. изд. Св. Климент Охридски
Година на издаване 1992
300 ## - Физическа характеристика
Размери/Мащаб 24 см
380 ## - Жанр
Жанр Обществени науки
500 ## - Общи забележки
Забележка 1. изд. 1925 г. със загл. Търговско право изд. на Свободен унив. за полит. и стоп. науки отпеч. в 1 кн. - 1 565 тир.
650 #4 - Допълнително описание по предмет – тема
Основно описание – тема или топоним Търговско право
9 (RLIN) 248222
653 ## - Ключова дума – ненормативна
Ключова дума търговско право
760 1# - Описание на основната серия
Редна дума на основното описание Диков, Любен Ангелов
Издание 3. фототип. изд
Страници - том ХV, 500 с.
Заглавие Т. 1.
852 ## - Местоположение
Форматна сигнатура Цб 173533
Фондова буква Хранилище
856 4# - Електронен адрес и достъп
Електронен формат pdf - файл
Инструкция (цена за достъп) 0.00
Права за достъп disable
856 4# - Електронен адрес и достъп
Електронен формат pdf - файл
Инструкция (цена за достъп) 0.00
Права за достъп disable
999 ## - СИСТЕМНИ КОНТРОЛНИ НОМЕРА
Koha biblionumber 61273
Koha biblioitemnumber 61273
942 ## - АРТИКУЛИ
Вид на библиотечния материал Книги
Скрит в OPAC Не
Koha issues (borrowed), all copies 1
Периодичен библиозапис Да
944 ## - СЪЗДАВАНЕ И РЕДАКЦИЯ на ЗАПИСА
Създаване/Редакция Създаване
Дата на регистрацията/редакция 13.06.2004
Служител, извършил регистрацията/редакцията Кети_Илиева
944 ## - СЪЗДАВАНЕ И РЕДАКЦИЯ на ЗАПИСА
Създаване/Редакция Редакция
Дата на регистрацията/редакция 07.10.2016
999 ## - СИСТЕМНИ КОНТРОЛНИ НОМЕРА
Koha biblioitemnumber 61273
Наличности
Код за отписване Код за изгубен артикул Източник на класификационната схема Код за повреда Коз за рестрикции Код за отдаване Артикулен № Име на библиотеката - собственик Име на библиотеката, в която се намира в момента Статус (Текущо местоположение) Дата на вписване в системата Местоположение - отдел Цена в лева Инвентарен номер Систематично азбучна сигнатура Баркод Номер на екземпляра Цена в евро Служебна бележка Служебен тип на артикула
  Не е изгубен Universal Decimal Classification Не е повреден без рестрикции ползва се в читалня 101366 Регионална библиотека "Любен Каравелов" Русе Регионална библиотека "Любен Каравелов" Русе Читалня 1993-01-01 Читалня 3.62 584903 Ч 347/Д 54 120000584903 1 1.85 Дата инв: 14.03.2017 Бележки инв: Ч2017 Книги
  Не е изгубен Universal Decimal Classification Не е повреден без рестрикции ползва се в читалня 101367 Регионална библиотека "Любен Каравелов" Русе Регионална библиотека "Любен Каравелов" Русе Хранилище 1992-01-01 Хранилище 3.62 587239 Цб 173533 120000587239 2 1.85 N: стар фонд Дата: 01.01.1992 Книги
Vip Innovations Ltd, Rousse, Bulgaria 2025